000 00392 a2200133 4500
005 20250314103046.0
020 _a978-9976-78-073-4
082 _a338.5 NBA
111 _aNBAA
245 _aA6 Business Economics: Study Text Foundation Level
260 _aDar es salaam,
_bNational Board of Accountants and Auditors,
_c2019.
300 _a175p.: ill.; table.
_bReferences.
_c30cm.
942 _2ddc
_cBKS
999 _c600
_d600